000 00687nam a22001815i 4500
001 160735
003 ES-MaACL
005 20250701063152.0
008 041014m18661867sp |||| | spa d
040 _aCAM
_bspa
_cCAM
080 _a821.134.2-31"18"
100 1 _aNombela, Julio,
_d1836-1919
_985930
245 1 5 _a¡¡Los 300,000 duros!!
_b: historia de un pobre hombre /
_cpor Julio Nombela.
260 _aBarcelona :
_bLibrería de Salvador Manero ;
_aMadrid :
_bLibrería de Antonio San Martin,
_c1866-1867.
300 _a2 v. (925 p., [16] h. de lám.; 697 p., [10] h. de lám.) ;
_c23 cm.
852 _aES-MaACL
_jG-12537-38
_z-- Enc. hol.
999 _c160735
_d160735